000 01124nam a22001937a 4500
003 JO-AjAnu
005 20240605115214.0
008 240323b jo ||||| |||| 00| 0 ara d
040 _aJO-AjAnu
_bara
_cJO-AjAnu
_erda
041 0 _aara
_hara
050 4 _aHD30.213
_b2024
100 0 _aمقابلة، اسماعيل عبدالمجيد.
_eمعد
_965079
245 0 _aأثر تقنيات التحول الرقمي على الرقابة الداخلية في المؤسسة العامة للضمان الاجتماعي في الاردن = The Impact of Digital Transformation Techniques on Internal Control in the Social Security Corporation in Jordan /
_cاعداد اسماعيل عبد المجيد مقابلة ؛ اشراف مهند العبيني
300 _a90 ورقة
500 _aرسالة جامعية (ماجستير في المحاسبة) - جامعة عجلون الوطنية (عجلون، الاردن)، كلية الاعمال، 2024.
650 0 _aالمحاسبة - مؤسسة الضمان الاجتماعي.
_965080
700 0 _aالعبيني، مهند.
_eمشرف
_965082
942 _2lcc
_cTHS
_n0
999 _c33321
_d33321